| 000 | 00769cab a2200229 4500 | ||
|---|---|---|---|
| 001 | X3809 | ||
| 008 | 090401t1996 xxu||||| |||| 00| 0 eng d | ||
| 035 | _a(Sirsi) u33021 | ||
| 041 | _aeng | ||
| 100 | _aPullen, S. | ||
| 245 | _aLicensing policy and marine conservation: licensed to drill | ||
| 260 | _c1996 | ||
| 350 | _a0 | ||
| 490 |
_aCSM (Chartered Surveyor Monthly) _v6(2) October 1996, 31(1) |
||
| 520 | _aIntroduces the `Joint links oil and gas oil and gas consortium` and explains recent moves to persuade government to reform the UK licensing process. | ||
| 650 | _aJOINT LINKS OIL AND GAS OIL AND GAS CONSORTIUM | ||
| 650 | _aOFFSHORE EXPLORATION | ||
| 650 | _aOIL EXPLORATION | ||
| 690 | _aMARINE RESOURCES | ||
| 942 | _n0 | ||
| 948 | _c04/03/1997 | ||
| 999 |
_c22067 _d22067 |
||